000 00563nam a2200229Ia 4500
003 OSt
005 20220924135345.0
006 a|||||r|||| 00| 0
007 ta
008 220923b |||||||| |||| 00| 0 ben d
024 _a290695
037 _cTextual
040 _aARTS
_cARTS
_bben
041 _2ben
_aben
082 _aO142,3M28,3, 157J4
100 _aTolstol
_9210163
245 0 _aNir
260 _c1954
650 _aRUSSIAN LITERATURE
_915056
942 _hO142,3M28,3, 157J4
_cTEXL
_2CC
999 _c440400
_d440400